[Event "European Cities & Towns Chess Championship - Open/Seniors"]
[Site "Central Europe"]
[Date "2023.01.29"]
[Round "6.5.2"]
[White "Pieri, Pierre-Louis"]
[Black "Grebeniuk, Semen"]
[Result "1-0"]
[WhiteElo "2138"]
[BlackElo "2315"]
[BlackCountry "UA"]
[BlackFideId "14117509"]
[BlackTeam "Kyiv region"]
[WhiteCountry "FR"]
[WhiteFideId "20622627"]
[WhiteTeam "Corsica "]

1. e4 d5 2. exd5 Qxd5 3. Nc3 Qa5 4. Bc4 Nf6 5. d3 c6 6. Qe2 Bg4 7. f3 Bc8 
8. Bd2 e6 9. f4 Qc7 10. Nf3 Bd6 11. f5 O-O 12. fxe6 Bxe6 13. Bxe6 Re8 14. 
Bxf7+ Qxf7 15. Ne4 Nxe4 16. dxe4 Nd7 17. Ng5 Qg6 18. Qc4+ Kf8 19. O-O+ Ke7
20. Rad1 Rf8 21. Be3 h6 22. Nf3 Nb6 23. Qc3 Rad8 24. Rxd6 Rxd6 25. Bc5 Kd8
26. Qb4 Nc8 27. e5 b6 28. Bxd6 Re8 29. Rd1 Qe6 30. Bb8+ Nd6 31. Rxd6+ Kc8 
32. Rxe6 Rxe6 33. Bd6 1-0

[Event "European Cities & Towns Chess Championship - Open/Seniors"]
[Site "Central Europe"]
[Date "2023.01.29"]
[Round "6.5.3"]
[White "Paryokha, Serhiy"]
[Black "Utrera, Ludovic"]
[Result "0-1"]
[WhiteElo "2294"]
[BlackElo "2045"]
[BlackCountry "FR"]
[BlackFideId "20604580"]
[BlackTeam "Corsica "]
[WhiteCountry "UA"]
[WhiteFideId "14198177"]
[WhiteTeam "Kyiv region"]

1. e4 c5 2. Nf3 d6 3. Bb5+ Bd7 4. c4 Nc6 5. O-O g6 6. d4 cxd4 7. Nxd4 Bg7 
8. Ne2 Nf6 9. Nbc3 O-O 10. Kh1 Rc8 11. f3 a6 12. Ba4 Ne5 13. Bxd7 Qxd7 14.
 b3 b5 15. cxb5 axb5 16. Bb2 b4 17. Na4 Qb5 18. Nd4 Qb7 19. Qd2 d5 20. 
exd5 Nxd5 21. Rac1 Rcd8 22. Rfd1 Qa8 23. Qe2 Nf4 24. Qe3 Nfd3 25. Rc2 Nxb2
26. Nxb2 Qxa2 27. Rcd2 Qa7 28. Nd3 Nc6 29. Nc2 Qxe3 30. Nxe3 Bh6 31. f4 
Rd4 32. Nc2 Rd7 33. g3 Rfd8 34. Nce1 Bg7 35. Rc2 Bc3 36. Rdc1 Rxd3 37. 
Nxd3 Rxd3 38. Ra2 Nd4 39. Rb1 e6 40. Kg2 Nf3 41. Ra7 h6 42. Rb7 g5 43. Kf2
g4 44. Ke2 f5 45. Rd1 Rxd1 46. Kxd1 Nd4 47. Re7 Kf8 48. Rh7 Nxb3 49. Rxh6 
Ke7 50. h3 gxh3 51. Rxh3 Nd4 52. Rh7+ Kd6 53. Kc1 Ne2+ 54. Kc2 Nxg3 55. 
Kb3 Ne2 56. Rh8 Nxf4 57. Rd8+ Ke5 58. Rd1 Nd5 59. Kc2 Ne3+ 0-1

[Event "European Cities & Towns Chess Championship - Open/Seniors"]
[Site "Central Europe"]
[Date "2023.01.29"]
[Round "6.5.4"]
[White "Geronimi, Pierre-Francois"]
[Black "Kirichenko, Vitaly"]
[Result "1/2-1/2"]
[WhiteElo "2027"]
[BlackElo "2262"]
[BlackCountry "UA"]
[BlackFideId "14103079"]
[BlackTeam "Kyiv region"]
[WhiteCountry "FR"]
[WhiteFideId "655686"]
[WhiteTeam "Corsica "]

1. e4 e5 2. Nf3 Nc6 3. Bb5 a6 4. Ba4 Nf6 5. d4 exd4 6. O-O Be7 7. Re1 b5 
8. Bb3 d6 9. Bd5 Nxd5 10. exd5 Ne5 11. Nxd4 Bd7 12. f4 Ng6 13. a4 O-O 14. 
Nc3 bxa4 15. Ne4 Re8 16. c4 Bh4 17. g3 Bf6 18. Nxf6+ Qxf6 19. Be3 Ne7 20. 
Bf2 Nf5 21. Qd2 h5 22. Nxf5 Qxf5 23. Bd4 Rab8 24. Bc3 h4 25. Rxe8+ Rxe8 
26. Re1 Rxe1+ 27. Qxe1 Qd3 28. Qf1 Bf5 29. Qxd3 Bxd3 30. Ba5 Bxc4 31. Bxc7
Bxd5 32. Bxd6 h3 33. Kf2 f6 34. g4 Kf7 35. Kg3 Bg2 36. f5 g6 37. Kf4 g5+ 
38. Kg3 Ke8 39. Bb4 Kf7 40. Bc3 Ke7 41. Bd4 1/2-1/2

[Event "European Cities & Towns Chess Championship - Open/Seniors"]
[Site "Central Europe"]
[Date "2023.01.29"]
[Round "6.6.1"]
[White "Hristodoulou, Panagiotis"]
[Black "Ribbegren, Karl Johan"]
[Result "1-0"]
[WhiteElo "2372"]
[BlackElo "2158"]
[BlackCountry "MC"]
[BlackFideId "5400040"]
[BlackTeam "Monte-Carlo"]
[WhiteCountry "GR"]
[WhiteFideId "4214340"]
[WhiteTeam "Heraklion"]
[WhiteTitle "FM"]

1. d4 Nf6 2. Nc3 c5 3. d5 e6 4. e4 g6 5. Nf3 exd5 6. exd5 Bg7 7. Be2 O-O 
8. O-O d6 9. h3 Na6 10. Bf4 Re8 11. Nd2 b5 12. Bxb5 Re7 13. Nc4 Ne4 14. 
Qf3 Nxc3 15. bxc3 Bd7 16. Bxa6 1-0

[Event "European Cities & Towns Chess Championship - Open/Seniors"]
[Site "Central Europe"]
[Date "2023.01.29"]
[Round "6.6.2"]
[White "Nelis, Jean-Francois"]
[Black "Panagiotakos, Nikolaos"]
[Result "0-1"]
[WhiteElo "2112"]
[BlackElo "2122"]
[BlackCountry "GR"]
[BlackFideId "4213246"]
[BlackTeam "Heraklion"]
[Termination "time forfeit"]
[WhiteCountry "MC"]
[WhiteFideId "623830"]
[WhiteTeam "Monte-Carlo"]

1. b3 e5 2. Bb2 Nc6 3. c4 Nge7 4. e3 g6 5. d4 exd4 6. Nf3 Bg7 7. Nxd4 O-O 
8. Be2 d5 9. Nxc6 Nxc6 10. Bxg7 Kxg7 11. cxd5 Qf6 12. Nd2 Nb4 13. O-O Nxd5
14. Ne4 Qe5 15. Bf3 Be6 16. Qd4 Qxd4 17. exd4 Rad8 18. Rac1 c6 19. Nc5 Bc8
20. Rfe1 Nf4 21. Re7 Rfe8 22. Rce1 Rxe7 23. Rxe7 b6 24. Na4 Bd7 25. Nc3 
Ne6 26. d5 cxd5 27. Nxd5 Kf8 28. h4 Bc6 29. Rxa7 Bxd5 0-1

[Event "European Cities & Towns Chess Championship - Open/Seniors"]
[Site "Central Europe"]
[Date "2023.01.29"]
[Round "6.6.3"]
[White "Klokas, Konstantinos"]
[Black "Van Hoolandt, Patrick"]
[Result "1/2-1/2"]
[WhiteElo "2069"]
[BlackElo "2017"]
[BlackCountry "MC"]
[BlackFideId "200999"]
[BlackTeam "Monte-Carlo"]
[BlackTitle "FM"]
[WhiteCountry "GR"]
[WhiteFideId "4206932"]
[WhiteTeam "Heraklion"]

1. e4 e5 2. Nf3 Nc6 3. d4 exd4 4. Nxd4 Nf6 5. Nxc6 bxc6 6. e5 Qe7 7. Qe2 
Nd5 8. c4 Nb6 9. Nc3 a5 10. Bd2 Qe6 11. Rc1 Ba6 12. Qe4 Bxc4 13. Bxc4 Nxc4
14. Nb5 Kd8 15. Bg5+ f6 16. Nd4 Bb4+ 17. Kf1 Qxe5 18. Nxc6+ dxc6 19. Qxc4 
Qxg5 20. Qxc6 Rc8 21. Rd1+ Bd6 22. Rxd6+ cxd6 23. Qxd6+ Ke8 24. Qe6+ Kd8 
25. Qd6+ Ke8 26. Qe6+ Kd8 27. Qd6+ 1/2-1/2

[Event "European Cities & Towns Chess Championship - Open/Seniors"]
[Site "Central Europe"]
[Date "2023.01.29"]
[Round "6.6.4"]
[White "Verdier, Patrice"]
[Black "Fragiadakis, Emanouel"]
[Result "1-0"]
[WhiteElo "1996"]
[BlackElo "1714"]
[BlackCountry "GR"]
[BlackFideId "4204026"]
[BlackTeam "Heraklion"]
[WhiteCountry "MC"]
[WhiteFideId "606340"]
[WhiteTeam "Monte-Carlo"]
[WhiteTitle "FM"]

1. d4 d5 2. c4 e6 3. Nc3 Be7 4. Bf4 Nf6 5. e3 O-O 6. cxd5 exd5 7. Bd3 c6 
8. Qc2 Bg4 9. Nge2 Bh5 10. f3 Re8 11. O-O Bd6 12. e4 dxe4 13. fxe4 Bxf4 
14. Rxf4 Bxe2 15. Nxe2 Nh5 16. Rf3 Nd7 17. Raf1 Re7 18. Bc4 Nhf6 19. e5 
Nd5 20. Qe4 N7b6 21. Bd3 g6 22. Qh4 Rd7 23. Qh6 Qf8 24. Qh3 Re7 25. Ng3 c5
26. Ne4 cxd4 27. Ng5 h5 28. Rxf7 Rxf7 29. Qe6 Re8 30. Qxg6+ Qg7 31. Qxf7+ 
Qxf7 32. Nxf7 Ne3 33. Rf3 Nbd5 34. Bg6 Re7 35. Bxh5 d3 36. Rf2 Kg7 37. Rd2
Rc7 38. h3 Rc2 39. Rxd3 Rxg2+ 40. Kh1 Rxb2 41. e6 Nf4 42. Rxe3 Rb1+ 43. 
Kh2 Rb2+ 44. Kg1 Nxh5 45. e7 Nf6 46. Nd6 Rxa2 47. Re6 Ne8 48. Nxe8+ Kf7 
49. Nc7 Ra1+ 50. Kg2 Ra2+ 51. Kf3 Ra3+ 52. Ke2 Rxh3 53. e8=Q+ 1-0

[Event "European Cities & Towns Chess Championship - Open/Seniors"]
[Site "Central Europe"]
[Date "2023.01.29"]
[Round "6.7.1"]
[White "Yasin, Hur"]
[Black "Mavroudis, Dimitris"]
[Result "0-1"]
[WhiteElo "1872"]
[BlackElo "1973"]
[BlackCountry "GR"]
[BlackFideId "4222318"]
[BlackTeam "Trikala "]
[Termination "time forfeit"]
[WhiteCountry "TR"]
[WhiteFideId "6300170"]
[WhiteTeam "Istanbul - Seniors"]
[WhiteTitle "CM"]

1. d4 d5 2. Nc3 Bf5 3. Bf4 e6 4. Nb5 Na6 5. a3 Nf6 6. f3 c6 7. Nc3 Be7 8. 
g4 Bg6 9. h4 h5 10. g5 Nd7 11. e4 Nc7 12. Bd3 O-O 13. Nge2 Re8 14. Qd2 a6 
15. O-O-O Nb5 16. Nb1 Nd6 17. Bxd6 Bxd6 18. e5 Be7 19. Bxg6 fxg6 20. Nf4 
Nf8 21. Qd3 c5 22. dxc5 Bxc5 23. Nxg6 Qc7 24. Nf4 Qf7 25. Ne2 g6 26. Rdf1 
b5 27. f4 Nd7 28. Nd2 Nb6 29. Nb3 Bf8 30. Ng3 Nc4 31. Nd4 Bc5 32. Rf3 Rac8
33. Rhf1 Bxd4 34. Qxd4 Rf8 35. Kb1 a5 36. Ka2 Qe7 37. f5 exf5 38. Qxd5+ 
Kg7 39. e6 Rcd8 40. Qxb5 Qxe6 41. b3 Nd2 0-1

[Event "European Cities & Towns Chess Championship - Open/Seniors"]
[Site "Central Europe"]
[Date "2023.01.29"]
[Round "6.7.2"]
[White "Gountras, Klearhos"]
[Black "Guner, Bulent"]
[Result "1-0"]
[WhiteElo "1968"]
[BlackElo "1974"]
[BlackCountry "TR"]
[BlackFideId "6300553"]
[BlackTeam "Istanbul - Seniors"]
[Termination "time forfeit"]
[WhiteCountry "GR"]
[WhiteFideId "4206495"]
[WhiteTeam "Trikala "]

1. e4 e5 2. Bc4 Nc6 3. Nc3 Nf6 4. d3 Na5 5. Nge2 Nxc4 6. dxc4 Bc5 7. O-O 
d6 8. Qd3 O-O 9. Be3 Bb6 10. Rfd1 Qe7 11. a4 Bxe3 12. Qxe3 Be6 13. b3 a5 
14. h3 Nd7 15. Ng3 Nc5 16. Qf3 g6 17. Rd2 Qg5 18. Rad1 f5 19. Kh2 f4 20. 
Nf1 Rf7 21. Kg1 Raf8 22. Nh2 h5 23. Kf1 Qh6 24. Ke2 Rg7 25. Rg1 g5 26. g4 
fxg3 27. Qxg3 Rf4 28. f3 g4 29. hxg4 hxg4 30. Nxg4 Bxg4 31. fxg4 Nxe4 32. 
Nxe4 Rxe4+ 33. Kd1 Rd4 34. Rxd4 exd4 35. g5 Qh5+ 36. Kc1 Qe2 37. g6 Qe4 
38. Qg5 Qe3+ 39. Kb1 Qxg5 40. Rxg5 b6 41. Kc1 Kf8 42. Kd2 Ke7 43. Kd3 Kf6 
44. Rg1 Ke5 45. Rg2 c6 46. Re2+ Kf5 47. Kxd4 Rxg6 48. Kc3 Rg3+ 49. Kb2 Rg4
50. Re8 Rg7 51. Rb8 Ke5 52. Rxb6 c5 53. Ra6 Rg3 54. Rxa5 Kd4 55. Ra8 Rg7 
56. Rd8 Ke5 57. Re8+ Kf5 58. Re1 Ra7 59. Kc3 Kf6 60. Kd3 Kf5 61. Re8 Ra6 
62. Rf8+ Ke5 63. Rh8 Ra7 64. Rh5+ Ke6 65. Ke4 Rg7 66. Rh6+ Kd7 67. Rh2 Kc6
68. Kf5 Re7 69. Kf6 Re1 70. Kf5 Re3 71. Rd2 Re1 72. Kf4 Re8 73. Kf3 Re7 
74. Re2 Rf7+ 75. Ke3 Rf1 76. Kd2 Rf7 77. Re1 Rf2+ 78. Kc1 Rf7 79. Kb2 Ra7 
80. Ra1 Ra5 81. c3 1-0

[Event "European Cities & Towns Chess Championship - Open/Seniors"]
[Site "Central Europe"]
[Date "2023.01.29"]
[Round "6.7.3"]
[White "Sezgun, Yakup"]
[Black "Lioumis, Petros"]
[Result "0-1"]
[WhiteElo "1739"]
[BlackElo "1290"]
[BlackCountry "GR"]
[BlackFideId "25806238"]
[BlackTeam "Trikala "]
[WhiteCountry "TR"]
[WhiteFideId "6338496"]
[WhiteTeam "Istanbul - Seniors"]

1. Nf3 d6 2. d4 Nf6 3. c4 g6 4. g3 Bg7 5. Bg2 c6 6. O-O O-O 7. Nc3 Bg4 8. 
h3 Bxf3 9. Bxf3 Nbd7 10. e4 c5 11. Be3 a6 12. Qd2 Qc7 13. b3 Rad8 14. Rad1
cxd4 15. Bxd4 Ne5 16. Bg2 Nc6 17. Be3 e6 18. Na4 Qe7 19. Bb6 Rd7 20. Nc3 
Ne8 21. Rfe1 Bxc3 22. Qxc3 e5 23. Re2 Ng7 24. Red2 Ne6 25. c5 Ncd4 26. 
cxd6 Qxd6 27. Ba5 Qc6 28. Qxc6 bxc6 29. f3 Rc8 30. Kf2 c5 31. Bf1 Ng5 32. 
Bb6 Ngxf3 33. Rd3 Ng5 34. Rc3 Nxe4+ 35. Ke3 Nxc3 36. Rc1 Nd5+ 37. Ke4 Nxb6
38. Bxa6 Rcc7 39. Kxe5 g5 40. Bd3 Re7+ 41. Kd6 Nc8+ 42. Kd5 Red7+ 43. Kc4 
Nb6+ 44. Kc3 Nd5+ 45. Kb2 Nb4 46. Bc4 Nf3 47. Rf1 Nd2 48. Bb5 Nxf1 49. 
Bxf1 Rd2+ 0-1

[Event "European Cities & Towns Chess Championship - Open/Seniors"]
[Site "Central Europe"]
[Date "2023.01.29"]
[Round "6.7.4"]
[White "Karanasios, Dimosthenis"]
[Black "Ozveren, Ali Bulent"]
[Result "0-1"]
[WhiteElo "1240"]
[BlackElo "1718"]
[BlackCountry "TR"]
[BlackFideId "6303188"]
[BlackTeam "Istanbul - Seniors"]
[WhiteCountry "GR"]
[WhiteFideId "42108306"]
[WhiteTeam "Trikala "]

1. d4 d5 2. c4 e6 3. Nc3 Be7 4. Nf3 Nf6 5. Bg5 O-O 6. e3 Ne4 7. Bxe7 Qxe7 
8. Qc2 Nxc3 9. Qxc3 c6 10. cxd5 exd5 11. Be2 Bf5 12. O-O Nd7 13. b4 a6 14.
 Nd2 Rfc8 15. Bf3 Nf6 16. Rac1 Ne4 17. Nxe4 Bxe4 18. Bxe4 Qxe4 19. a4 f5 
20. b5 axb5 21. axb5 f4 22. Rfe1 f3 23. bxc6 Qg4 24. g3 Qh3 25. cxb7 Qg2# 
0-1

[Event "European Cities & Towns Chess Championship - Open/Seniors"]
[Site "Central Europe"]
[Date "2023.01.29"]
[Round "6.8.1"]
[White "Melikhov, Evgeny V."]
[Black "Jansa, Vlastimil"]
[Result "0-1"]
[WhiteElo "2269"]
[BlackElo "2398"]
[BlackCountry "CZ"]
[BlackFideId "300128"]
[BlackTeam "Prague - Seniors"]
[BlackTitle "GM"]
[WhiteCountry "RU"]
[WhiteFideId "4122046"]
[WhiteTeam "Ioannina"]
[WhiteTitle "FM"]

1. d4 Nf6 2. c4 g6 3. Nc3 d5 4. cxd5 Nxd5 5. e4 Nxc3 6. bxc3 Bg7 7. Bc4 
O-O 8. Ne2 c5 9. Be3 Nc6 10. h4 cxd4 11. cxd4 Qa5+ 12. Kf1 Bd7 13. h5 Rac8
14. hxg6 hxg6 15. Rc1 Rfd8 16. Nf4 e6 17. Nxg6 fxg6 18. Qg4 Nxd4 19. Qxg6 
Rxc4 20. Rxc4 Bb5 21. Rh7 Bxc4+ 22. Kg1 Qe5 23. Rh5 Ne2+ 0-1

[Event "European Cities & Towns Chess Championship - Open/Seniors"]
[Site "Central Europe"]
[Date "2023.01.29"]
[Round "6.8.2"]
[White "Sorm, Daniel"]
[Black "Tepelenis, Nikolaos"]
[Result "1-0"]
[WhiteElo "2302"]
[BlackElo "2096"]
[BlackCountry "GR"]
[BlackFideId "4207599"]
[BlackTeam "Ioannina"]
[Termination "time forfeit"]
[WhiteCountry "CZ"]
[WhiteFideId "5400139"]
[WhiteTeam "Prague - Seniors"]
[WhiteTitle "FM"]

1. d4 d5 2. c4 e6 3. Nc3 Nf6 4. cxd5 exd5 5. Bg5 c6 6. e3 Bf5 7. Qf3 Bg6 
8. Bxf6 Qxf6 9. Qxf6 gxf6 10. Nf3 Nd7 11. Nh4 Nb6 12. f4 h5 13. f5 Bh7 14.
 Kf2 Bh6 15. Bd3 Kd7 16. Rae1 Rae8 17. g3 Re7 18. Re2 Rhe8 19. Rhe1 a5 20.
 Kf3 Kc7 21. Ng2 Nc8 22. h3 Nd6 23. g4 Ne4 24. Nf4 Nxc3 25. bxc3 Bxf4 26. 
Kxf4 Rg8 27. Rg2 Kd6 28. Reg1 Ree8 29. gxh5 Rxg2 30. Rxg2 Rg8 31. Rg4 b5 
32. a3 Ke7 33. h6 Rxg4+ 34. hxg4 a4 35. Be2 Kd6 36. g5 Ke7 37. Bh5 fxg5+ 
38. Kxg5 f6+ 39. Kf4 1-0

[Event "European Cities & Towns Chess Championship - Open/Seniors"]
[Site "Central Europe"]
[Date "2023.01.29"]
[Round "6.8.4"]
[White "Pribyl, Josef"]
[Black "Notsikas, Georgios"]
[Result "0-1"]
[WhiteElo "2217"]
[BlackElo "1000"]
[BlackCountry "GR"]
[BlackFideId "42140587"]
[BlackTeam "Ioannina"]
[Termination "time forfeit"]
[WhiteCountry "CZ"]
[WhiteFideId "300187"]
[WhiteTeam "Prague - Seniors"]
[WhiteTitle "IM"]

1. e4 c6 2. d3 d5 3. Nd2 e5 4. Ngf3 Bd6 5. g3 Ne7 6. Bg2 O-O 7. O-O f5 8. 
c3 Na6 9. Qe2 Qc7 10. Re1 dxe4 11. dxe4 f4 12. Qc4+ Kh8 13. Ng5 Ng6 14. 
Ne6 Bxe6 15. Qxe6 Rf6 16. Qc4 Raf8 17. Nf1 b5 18. Qd3 Bc5 19. g4 Rd8 20. 
Qh3 Bb6 21. Nd2 Nc5 22. Bf1 Rfd6 23. Nf3 a5 24. Kg2 Qa7 25. Qh5 Nd3 26. 
Re2 Nxf2 27. Nxe5 Nxe5 28. Qxe5 Nxg4 29. Qh5 Ne3+ 30. Bxe3 Bxe3 31. Kh1 
R6d7 32. Ree1 Re7 33. Rad1 Rde8 34. Bd3 Re5 35. Qf3 Qe7 36. Bc2 h6 0-1

[Event "European Cities & Towns Chess Championship - Open/Seniors"]
[Site "Central Europe"]
[Date "2023.01.29"]
[Round "6.9.1"]
[White "Guerrero Vargas, Andres Jesus"]
[Black "Rama, Lorenc"]
[Result "1-0"]
[WhiteElo "2336"]
[BlackElo "2125"]
[BlackCountry "AL"]
[BlackFideId "4700171"]
[BlackTeam "TEUTA - Durres Albania"]
[BlackTitle "FM"]
[WhiteCountry "VE"]
[WhiteFideId "3902048"]
[WhiteTeam "Collado Villalba - Madrid"]
[WhiteTitle "FM"]

1. d4 Nf6 2. Bf4 g6 3. Nc3 Bg7 4. e4 d6 5. Qd2 a6 6. Bh6 Bxh6 7. Qxh6 Nc6 
8. Nf3 Bg4 9. O-O-O Bxf3 10. gxf3 e5 11. dxe5 Nxe5 12. Be2 Qe7 13. f4 Ned7
14. e5 dxe5 15. fxe5 Qxe5 16. Rhe1 O-O-O 17. Bxa6 Qc5 18. Bb5 c6 19. Ba4 
Qxf2 20. Re7 Ng4 21. Qh3 Qf4+ 22. Kb1 f5 23. Nb5 Nc5 24. Rde1 Nxa4 25. 
Na7+ Kb8 26. Nxc6+ Ka8 27. Qb3 Nc5 28. Qb6 Qa4 29. Nxd8 Qa6 30. Qxc5 Rxd8 
31. Re8 Qf6 32. Qa5+ Kb8 33. Rxd8+ Qxd8 34. Qxd8+ 1-0

[Event "European Cities & Towns Chess Championship - Open/Seniors"]
[Site "Central Europe"]
[Date "2023.01.29"]
[Round "6.9.2"]
[White "Ramaj, Ergit"]
[Black "Sanchez Gonzalez, Sergio"]
[Result "0-1"]
[WhiteElo "1861"]
[BlackElo "2288"]
[BlackCountry "ES"]
[BlackFideId "2273020"]
[BlackTeam "Collado Villalba - Madrid"]
[BlackTitle "FM"]
[WhiteCountry "AL"]
[WhiteFideId "4703669"]
[WhiteTeam "TEUTA - Durres Albania"]

1. e4 c5 2. Nf3 e6 3. c3 Nf6 4. e5 Nd5 5. d4 cxd4 6. cxd4 d6 7. Be2 Nc6 8.
 O-O dxe5 9. dxe5 Be7 10. Nc3 Nxc3 11. Qxd8+ Bxd8 12. bxc3 O-O 13. Ba3 Be7
14. Bd6 Bxd6 15. exd6 Rd8 16. Rfd1 b6 17. Nd4 Bb7 18. Bf3 Nxd4 19. Bxb7 
Ne2+ 20. Kf1 Nxc3 21. Rdc1 Rab8 22. Rxc3 Rxb7 23. Rc7 Rbb8 24. Rd1 a5 25. 
a4 Kf8 26. Ke2 Rbc8 27. Rxc8 Rxc8 28. d7 Rd8 29. Rd6 Ke7 30. Rxb6 Rxd7 31.
 Ra6 Rd5 32. Ra7+ Kf6 33. g3 h5 34. Kf3 g5 35. Ke3 g4 36. f3 Re5+ 37. Kf2 
Rc5 38. fxg4 hxg4 39. Ke3 e5 40. Kf2 Ke6 41. Ra6+ Kf5 42. Ke3 f6 43. Ra7 
Rc2 44. Rxa5 Rxh2 45. Ra8 Rg2 46. a5 Rxg3+ 47. Kf2 Ra3 48. Kg2 Kf4 49. a6 
Ra2+ 50. Kf1 Kf3 51. Ke1 g3 52. Rf8 Rxa6 53. Rg8 f5 54. Rg5 f4 55. Rxe5 g2
56. Rg5 g1=Q+ 57. Rxg1 Ra1+ 0-1

[Event "European Cities & Towns Chess Championship - Open/Seniors"]
[Site "Central Europe"]
[Date "2023.01.29"]
[Round "6.9.3"]
[White "Perdomo Araujo, Angel Eduardo"]
[Black "Caushi, Alket"]
[Result "1-0"]
[WhiteElo "2071"]
[BlackElo "1768"]
[BlackCountry "AL"]
[BlackFideId "4701801"]
[BlackTeam "TEUTA - Durres Albania"]
[Termination "time forfeit"]
[WhiteCountry "VE"]
[WhiteFideId "3902528"]
[WhiteTeam "Collado Villalba - Madrid"]

1. e4 d6 2. d4 Nf6 3. Nc3 g6 4. f3 c6 5. Be3 Nbd7 6. Qd2 b5 7. Nge2 Nb6 8.
 Ng3 a5 9. d5 cxd5 10. Bxb5+ Bd7 11. Bxd7+ Nbxd7 12. Nxd5 Nxd5 13. Qxd5 
Bg7 14. c3 O-O 15. O-O Rb8 16. Rf2 Qc7 17. Rd1 Ne5 18. Kh1 Nc4 19. Bc1 
Rfd8 20. Qd3 Ne5 21. Qe3 Qc4 22. a3 Qb3 23. Qe2 Nc4 24. Qc2 Qb6 25. Nf1 
Rd7 26. Re2 Rdb7 27. Qd3 Qc5 28. b4 Qc7 29. Ne3 Ne5 30. Qc2 axb4 31. cxb4 
Qb6 32. Nd5 Qd8 33. Bb2 Rc8 34. Qb3 e6 35. Ne3 Qh4 36. Rxd6 Rbc7 37. Rd1 
Qh5 38. Nf1 Nc4 39. Bxg7 Kxg7 40. b5 Rb8 41. a4 Qc5 42. Rc2 Na5 43. Qb2+ 
1-0

[Event "European Cities & Towns Chess Championship - Open/Seniors"]
[Site "Central Europe"]
[Date "2023.01.29"]
[Round "6.9.4"]
[White "Kote, Aleks"]
[Black "Alvarez Guerrero, Dylan"]
[Result "0-1"]
[WhiteElo "1503"]
[BlackElo "1162"]
[BlackCountry "ES"]
[BlackFideId "94728089"]
[BlackTeam "Collado Villalba - Madrid"]
[Termination "time forfeit"]
[WhiteCountry "AL"]
[WhiteFideId "4702778"]
[WhiteTeam "TEUTA - Durres Albania"]

1. e4 d6 2. d4 g6 3. Nc3 Nf6 4. Be3 b6 5. f3 Bb7 6. Qd2 c5 7. d5 Nbd7 8. 
f4 a6 9. Be2 b5 10. g4 e6 11. g5 Nh5 12. Bxh5 gxh5 13. O-O-O Qa5 14. dxe6 
fxe6 15. Qe2 b4 16. Qxh5+ Kd8 17. Nb1 Bxe4 18. Nf3 Qxa2 19. Nfd2 Bxh1 20. 
Rxh1 Qd5 21. Rg1 Qf5 22. Qh4 Qg6 23. Nf3 a5 24. Qh3 a4 25. Nh4 Qe4 26. Nd2
Qd5 27. Nhf3 b3 28. c4 Qd3 29. Ne1 Qg6 30. Qg4 a3 31. Nxb3 axb2+ 32. Kxb2 
Bg7+ 33. Kc1 Qe4 34. Kd2 Qxc4 35. g6 Ra2+ 36. Kd1 Qxb3+ 0-1

[Event "European Cities & Towns Chess Championship - Open/Seniors"]
[Site "Central Europe"]
[Date "2023.01.29"]
[Round "6.10.1"]
[White "Freeland, Alex"]
[Black "Kabo, Melsed"]
[Result "0-1"]
[WhiteElo "2016"]
[BlackElo "2195"]
[BlackCountry "AL"]
[BlackFideId "4702271"]
[BlackTeam "Butrinti"]
[WhiteCountry "GB"]
[WhiteFideId "1802062"]
[WhiteTeam "Hammersmith - West London"]

1. d4 Nf6 2. c4 e6 3. Nc3 d5 4. cxd5 exd5 5. Bg5 c6 6. e3 h6 7. Bh4 Be7 8.
 Bd3 Nbd7 9. Nge2 O-O 10. O-O Re8 11. Qd2 Nf8 12. f3 Nh5 13. Bf2 Ng6 14. 
Qc2 Nf8 15. e4 g6 16. e5 Ng7 17. Be3 Kh7 18. f4 Bf5 19. Ng3 Bxd3 20. Qxd3 
f5 21. exf6 Bxf6 22. f5 g5 23. Rae1 Qb6 24. Na4 Qb4 25. Nc5 Rxe3 26. Rxe3 
Qxd4 27. Nb3 Qxb2 28. Re2 Qa3 29. Kh1 Qd6 30. Nd4 Re8 31. Ne6 c5 32. Nxf8+
Rxf8 33. Rd1 d4 34. Qf3 b6 35. Nh5 c4 36. Nxg7 Kxg7 37. Qh5 Be5 38. Rde1 
Rxf5 39. Qe8 Qf6 40. Kg1 Qf7 41. Rxe5 Qxe8 42. Rxe8 d3 43. Rd8 b5 44. g4 
Rc5 45. Re7+ Kf6 46. Rxa7 c3 47. Rxd3 c2 48. Ra6+ Ke5 49. Re3+ Kf4 50. Re1
c1=Q 51. Rxc1 Rxc1+ 52. Kg2 Kxg4 53. h3+ Kh5 54. Ra5 Rc2+ 55. Kg3 Rc3+ 56.
 Kg2 Kh4 57. Rxb5 Rc2+ 58. Kf3 Rxa2 59. Rb6 Ra3+ 60. Kg2 Rg3+ 61. Kf2 h5 
62. Rh6 Rxh3 63. Kg2 Ra3 64. Rh8 g4 65. Rb8 Ra2+ 66. Kg1 Kh3 67. Rb5 h4 
68. Rb1 g3 69. Kh1 Ra4 70. Kg1 Rf4 71. Ra1 Rf3 72. Ra4 Rb3 73. Ra1 Kg4 74.
 Ra4+ Kf3 75. Ra1 h3 76. Rf1+ Kg4 77. Ra1 Rf3 78. Ra4+ Rf4 79. Ra3 h2+ 80.
 Kg2 Rf2+ 81. Kh1 Rf1+ 0-1

[Event "European Cities & Towns Chess Championship - Open/Seniors"]
[Site "Central Europe"]
[Date "2023.01.29"]
[Round "6.10.2"]
[White "Kosta, Kelvin"]
[Black "Brixel, Christof, Dr."]
[Result "1-0"]
[WhiteElo "1950"]
[BlackElo "1952"]
[BlackCountry "DE"]
[BlackFideId "16277040"]
[BlackTeam "Hammersmith - West London"]
[WhiteCountry "AL"]
[WhiteFideId "4703855"]
[WhiteTeam "Butrinti"]

1. e4 c5 2. Nf3 e6 3. d4 cxd4 4. Nxd4 Nf6 5. Nc3 Nc6 6. Be2 Bb4 7. O-O 
Bxc3 8. bxc3 Nxe4 9. Bd3 Nf6 10. Bg5 h6 11. Bh4 O-O 12. Re1 d6 13. Qf3 Ne5
14. Qe3 Nxd3 15. Qxd3 d5 16. Rab1 g5 17. Bg3 Ne4 18. c4 Nxg3 19. hxg3 b6 
20. Nc6 Qd6 21. cxd5 Bb7 22. Qc3 Bxc6 23. dxc6 Rac8 24. Qf6 Kh7 25. f4 Qd8
26. Qc3 gxf4 27. gxf4 Qd5 28. c7 Rg8 29. Re2 Qxa2 30. Ra1 Qd5 31. Rxa7 
Qd1+ 32. Re1 Qg4 33. Qd3+ Rg6 34. Re2 Qxf4 35. Rf2 Qc1+ 36. Kh2 Kg8 37. 
Qd8+ Kg7 38. Qxc8 Qe1 39. Rxf7+ Kxf7 40. Qf8+ 1-0

[Event "European Cities & Towns Chess Championship - Open/Seniors"]
[Site "Central Europe"]
[Date "2023.01.29"]
[Round "6.10.3"]
[White "Kelmendi, Bajrush"]
[Black "Mihasi, Erald"]
[Result "1/2-1/2"]
[WhiteElo "1942"]
[BlackElo "1909"]
[BlackCountry "AL"]
[BlackFideId "4700902"]
[BlackTeam "Butrinti"]
[WhiteCountry "GB"]
[WhiteFideId "426024"]
[WhiteTeam "Hammersmith - West London"]

1. e4 c6 2. c4 d5 3. exd5 cxd5 4. cxd5 Qxd5 5. Nc3 Qd8 6. d4 Nf6 7. Bc4 e6
8. Nf3 Nc6 9. O-O Be7 10. d5 exd5 11. Nxd5 O-O 12. Nxe7+ Nxe7 13. Bg5 Ng6 
14. Qxd8 Rxd8 15. Bxf6 gxf6 16. Rfd1 Bg4 17. Be2 b6 18. h3 Bxf3 19. Bxf3 
Rac8 20. Rxd8+ Rxd8 21. Rd1 Rxd1+ 22. Bxd1 Ne5 23. Be2 Kf8 24. f4 Nc6 25. 
Bd3 h6 26. a3 Ke7 27. Kf2 Kd6 28. Kg3 Kc5 29. Kg4 Kd4 30. Bc2 Ke3 31. Bb3 
f5+ 32. Kg3 Nd4 33. Bxf7 Ne2+ 34. Kh4 Nxf4 35. g3 Nd3 36. b4 Ne5 37. Bd5 
Kd4 38. Be6 Ke4 39. Kh5 Kf3 40. Bxf5 Kxg3 41. Kxh6 Nc4 42. a4 Kh4 43. Kg6 
a5 44. bxa5 bxa5 45. Kf6 Nb6 46. Bc2 Nxa4 47. Bxa4 Kxh3 48. Ke5 Kg3 
1/2-1/2